Воспоминания офицера Л.-гв. Преображенского полка о походе в Турцию в 1877-1878 г. (Запись № 5748030)

Подробности
000 -МАРКЕР
контрольное поле 02085nam0a22003371 4500
001 - ИДЕНТИФИКАТОР ЗАПИСИ
контрольное поле v19\rc\1702284
005 - ИДЕНТИФИКАТОР ВЕРСИИ
контрольное поле 20260406143417.0
035 ## - ДРУГИЕ СИСТЕМНЫЕ НОМЕРА
Идентификатор записи (NLR Aleph) 005245363
100 ## - ДАННЫЕ ОБЩЕЙ ОБРАБОТКИ
Данные общей обработки 20061002d1898 |||y0rusy50 ca
101 0# - ЯЗЫК РЕСУРСА
Язык текста, звукозаписи и т.д. русский
102 ## - СТРАНА ПУБЛИКАЦИИ ИЛИ ПРОИЗВОДСТВА
Страна публикации Российская Федерация
105 ## - ПОЛЕ КОДИРОВАННЫХ ДАННЫХ: ТЕКСТОВЫЕ МАТЕРИАЛЫ, МОНОГРАФИЧЕСКИЕ
Кодированные данные о монографическом текстовом документе a z |||||
200 1# - ЗАГЛАВИЕ И СВЕДЕНИЯ ОБ ОТВЕТСТВЕННОСТИ
Основное заглавие Воспоминания офицера Л.-гв. Преображенского полка о походе в Турцию в 1877-1878 г.
Первые сведения об ответственности сост. Александр Александрович Берс (в отставке полк. Л.-гв. Преображен. полка)
210 ## - ПУБЛИКАЦИЯ, РАСПРОСТРАНЕНИЕ И ДР.
Место издания, распространения и т.д. С.-Петербург
Имя издателя, распространителя и т. д. типография товарищества "Общественная польза"
Дата издания, распространения и т.д. 1898
215 ## - ФИЗИЧЕСКАЯ ХАРАКТЕРИСТИКА
Специфическое обозначение материала и объем [4], 199 с., [1] л. цв. ил., раскраш. от руки акварелью
Размеры 24
300 ## - ОБЩИЕ ПРИМЕЧАНИЯ
Текст примечания На ил. подпись худож.: П. Типов
316 ## - ПРИМЕЧАНИЯ ОБ ОСОБЕННОСТЯХ ЭКЗЕМПЛЯРА
Текст примечания Экз. РНБ на шифре РЗФ XXVII-1680 с экслибрисом Библиотеки Николая II: монограмма "Н.А."
-- На 3-й с. обл. золотое тиснение переплетчика: "М. Ломковский"
Организация и экземпляр, к которому относится поле NLR: РЗФ XXVII-1680
532 12 - РАСШИРЕННОЕ ЗАГЛАВИЕ
Заглавие Воспоминания офицера Лейб-гвардии Преображенского полка о походе в Турцию в 1877-1878 г.
700 #1 - ИМЯ ЛИЦА - ПЕРВИЧНАЯ ОТВЕТСТВЕННОСТЬ
Код отношения Составитель
Графика поля Кириллица
Материалы, к которым относится поле rus
Начальный элемент ввода Берс
Часть имени, кроме начального элемента ввода А. А.
Даты 1844-1921
Расширение инициалов личного имени Александр Александрович
Системный номер авторитетной/нормативной записи 68660
Идентификатор авторитетной/нормативной записи RU\NLR\AUTH\7785732
702 #0 - ИМЯ ЛИЦА - ВТОРИЧНАЯ ОТВЕТСТВЕННОСТЬ
Код отношения Бывший владелец
Графика поля Кириллица
Материалы, к которым относится поле rus
Начальный элемент ввода Николай
Дополнения к именам, кроме дат император российский
Римские цифры II
Даты 1868-1918
Системный номер авторитетной/нормативной записи 113742
Идентификатор авторитетной/нормативной записи RU\NLR\AUTH\773750
702 #1 - ИМЯ ЛИЦА - ВТОРИЧНАЯ ОТВЕТСТВЕННОСТЬ
Код отношения Карикатурист, Художник
Графика поля Кириллица
Материалы, к которым относится поле rus
Начальный элемент ввода Типов
Часть имени, кроме начального элемента ввода П.
Дополнения к именам, кроме дат художник
Даты 19 в.
Системный номер авторитетной/нормативной записи 68667
Идентификатор авторитетной/нормативной записи RU\NLR\AUTH\7785739
702 #1 - ИМЯ ЛИЦА - ВТОРИЧНАЯ ОТВЕТСТВЕННОСТЬ
Код отношения Переплетчик
Графика поля Кириллица
Материалы, к которым относится поле rus
Начальный элемент ввода Ломковский
Часть имени, кроме начального элемента ввода М. Д.
Системный номер авторитетной/нормативной записи 68671
Идентификатор авторитетной/нормативной записи RU\NLR\AUTH\7785743
801 #2 - ИСТОЧНИК ЗАПИСИ
Страна Российская Федерация
Организация NLR
Дата составления 20100302
Источник данных rusmarc
801 #0 - ИСТОЧНИК ЗАПИСИ
Страна Российская Федерация
Организация NLR
Дата составления 20061002
Правила каталогизации psbo
801 #0 - ИСТОЧНИК ЗАПИСИ
Страна Российская Федерация
Организация RuMoRGB
Дата составления 20061002
Источник данных psbo
801 #1 - ИСТОЧНИК ЗАПИСИ
Страна Российская Федерация
Организация ProSoft-M
Дата составления 20061002
Источник данных rusmarc
852 ## - МЕСТОНАХОЖДЕНИЕ И ШИФР ХРАНЕНИЯ
Идентификатор организации NLR
Шифр хранения (Call Number) 20.107.2.31
852 ## - МЕСТОНАХОЖДЕНИЕ И ШИФР ХРАНЕНИЯ
Идентификатор организации NLR
Наименование фонда или коллекции (Sub-Location Identifier) РЗФ
Шифр хранения (Call Number) XVII-1680
942 ## - ДОПОЛНИТЕЛЬНЫЕ ЭЛЕМЕНТЫ ЗАПИСИ (АБИС)
Тип экземпляра АБИС Книга
980 ## - КОЛЛЕКЦИЯ
Название коллекции Национальная библиография
Экземпляры
Тип экземпляра Дата поступления Библиотека постоянного хранения Библиотека текущего хранения Место хранения Шифр хранения Штрих-код Статус экземпляра
Книга 26.10.2013 РНБ (Московский) РНБ (Московский) Резервный фонд РЗФ XVII-1680 5245363-20  
Книга 26.10.2013 РНБ (Садовая) РНБ (Садовая) Русский книжный фонд -Главное здание, Ленинский читальный зал 20.107.2.31 5245363-10